Ο Πατούχας
Αποθηκεύτηκε σε:
| Κύριος συγγραφέας: | |
|---|---|
| Μορφή: | Βιβλίο |
| Γλώσσα: | Greek |
| Δημοσίευση: |
Αθήναι :
Οι φίλοι του ωραίου βιβλίου,
1955
|
| Θέματα: | |
| Ετικέτες: |
Προσθήκη ετικέτας
Δεν υπάρχουν, Καταχωρήστε ετικέτα πρώτοι!
|
MARC
| LEADER | 00000cam a2200000 i 4500 | ||
|---|---|---|---|
| 001 | 1/93848 | ||
| 008 | 080915s1955 gr | ||| |||| ||gre|| | ||
| 035 | |l 10100145 | ||
| 040 | |a GR-MY-UA |b gre |e aacr | ||
| 041 | 0 | |a gre | |
| 082 | 0 | |a 889.33 |2 (22) | |
| 100 | 1 | |a Κονδυλάκης, Ιωάννης Δ., |d 1861-1920. | |
| 245 | 1 | 2 | |a Ο Πατούχας / |c Ι. Κονδυλάκη ; επιμέλεια Σοφίας Μαυροειδή - Παπαδάκη |
| 260 | |a Αθήναι : |b Οι φίλοι του ωραίου βιβλίου, |c 1955 | ||
| 300 | |a 206 σ.; |c 20 εκ. | ||
| 650 | 0 | 0 | |a Greek literature, Modern |y 20th century. |
| 650 | 0 | 0 | |a Greek fiction, Modern |y 20th century. |
| 852 | |a INST |b RHODES |c AKA |e 20080915 |h 889.33 ΚΟΝ |p 005400028246 |q 005400028246 |t BK |y 0 | ||
| 901 | |a BIBL4-2008-3 | ||
| 909 | |a Ρ |b 152931 | ||
| 970 | |a ΧΑΡΙΟΠΟΛΙΤΟΥ |b ΚΩΝΣΤΑΝΤΙΝΑ |z 2008/09/15 | ||